Foreign Office Year book 2009-2010 (Record no. 322455)

000 -LEADER
fixed length control field 00383 a2200157 4500
001 - CONTROL NUMBER
control field 87382
003 - CONTROL NUMBER IDENTIFIER
control field NUST
005 - DATE AND TIME OF LATEST TRANSACTION
control field 20180124122950.0
008 - FIXED-LENGTH DATA ELEMENTS--GENERAL INFORMATION
fixed length control field 180124b xxu||||| |||| 00| 0 eng d
082 ## - DEWEY DECIMAL CLASSIFICATION NUMBER
Classification number 050.9541 MOF
100 ## - MAIN ENTRY--PERSONAL NAME
Personal name Ministry of Foreign Affair
9 (RLIN) 9124
245 ## - TITLE STATEMENT
Title Foreign Office Year book 2009-2010
Medium English
250 ## - EDITION STATEMENT
Edition statement 1
260 ## - PUBLICATION, DISTRIBUTION, ETC.
Place of publication, distribution, etc. Islamabad
Name of publisher, distributor, etc. MOF
Date of publication, distribution, etc. 2009
300 ## - PHYSICAL DESCRIPTION
Extent 92
500 ## - GENERAL NOTE
General note General Books
505 ## - FORMATTED CONTENTS NOTE
Formatted contents note Gifted Books
942 ## - ADDED ENTRY ELEMENTS (KOHA)
Institution code [OBSOLETE] CAE NUST
Koha item type Book
Call number prefix 050.9541 MOF
Source of classification or shelving scheme
Holdings
Withdrawn status Lost status Damaged status Not for loan Collection code Permanent Location Current Location Date acquired Total Checkouts Full call number Barcode Date last seen Price effective from Koha item type
          College of Aeronautical Engineering (CAE) College of Aeronautical Engineering (CAE) 04/03/2017   050.9541 MOF CAEG-9892 04/05/2017 04/05/2017 Book
© 2023 Central Library, National University of Sciences and Technology. All Rights Reserved.